[Event "Rhein Main op-A 19th"]
[Site "Bad Homburg"]
[Date "2016.05.27"]
[Round "4"]
[White "Roediger, Thomas"]
[Black "Kaiser, Richard"]
[Result "1/2-1/2"]
[WhiteElo "2024"]
[BlackElo "2182"]
[PlyCount "90"]
[EventDate "2016.05.25"]
[EventType "swiss"]
[EventRounds "7"]
[EventCountry "GER"]
[SourceTitle "EXT 2017"]
[Source "ChessBase"]
[SourceDate "2016.10.25"]
[SourceVersion "1"]
[SourceVersionDate "2016.10.25"]
[SourceQuality "1"]

1. d4 Nf6 2. c4 c5 3. Nf3 cxd4 4. Nxd4 e5 5. Nf3 Nc6 6. a3 d5 7. cxd5 Qxd5 8. Qxd5 Nxd5 9. e4 Nc7 10. Be3 Be6 11. Be2 f6 12. Nbd2 0-0-0 13. Rc1 Kb8 14. 0-0 Be7 15. Rfd1 Rd7 16. Kf1 Rhd8 17. Ke1 g6 18. Bc4 Bxc4 19. Nxc4 Ne6 20. Rxd7 Rxd7 21. Rd1 Rxd1+ 22. Kxd1 b5 23. Ncd2 f5 24. Nb3 Kb7 25. exf5 gxf5 26. Bd2 e4 27. Ne1 Ne5 28. f3 Nc4 29. fxe4 fxe4 30. Na5+ Nxa5 31. Bxa5 Kc6 32. Bc3 Kd5 33. Nc2 Bc5 34. Kd2 Kc4 35. Ne3+ Kb3 36. Nd5 a5 37. Bxa5 Kxb2 38. Nc3 e3+ 39. Ke1 Kxa3 40. Nxb5+ Ka4 41. Nc7 Nf4 42. g3 Nd3+ 43. Ke2 Nc1+ 44. Kd1 Ba3 45. Be1 Kb3 1/2-1/2

[Event "Rhein Main op-A 19th"]
[Site "Bad Homburg"]
[Date "2016.05.26"]
[Round "2"]
[White "Egli, Urs Martin"]
[Black "Kaiser, Richard"]
[Result "1-0"]
[WhiteElo "2008"]
[BlackElo "2182"]
[PlyCount "53"]
[EventDate "2016.05.25"]
[EventType "swiss"]
[EventRounds "7"]
[EventCountry "GER"]
[SourceTitle "EXT 2017"]
[Source "ChessBase"]
[SourceDate "2016.10.25"]
[SourceVersion "1"]
[SourceVersionDate "2016.10.25"]
[SourceQuality "1"]

1. e4 d6 2. Nc3 Nf6 3. d4 c6 4. Be3 Ng4 5. Bg5 h6 6. Bh4 Qb6 7. Qd2 Qxb2 8. Rb1 Qa3 9. h3 Nf6 10. e5 Nd5 11. Nxd5 cxd5 12. Nf3 e6 13. Rb3 Qxa2 14. Bb5+ Nd7 15. 0-0 a6 16. Bxd7+ Bxd7 17. Rxb7 Rc8 18. Rfb1 Qxc2 19. Qa5 Bb5 20. R1xb5 axb5 21. Qa7 g5 22. Rxf7 Qc6 23. exd6 Ra8 24. Rxf8+ Kxf8 25. Qe7+ Kg8 26. Qxe6+ Kh7 27. Qf7# 1-0

[Event "Hessenliga 1516"]
[Site "Germany"]
[Date "2016.04.24"]
[Round "9.4"]
[White "Bahlke, Philipp"]
[Black "Kaiser, Richard"]
[Result "1/2-1/2"]
[WhiteElo "2039"]
[BlackElo "2182"]
[PlyCount "99"]
[EventDate "2015.09.27"]
[EventType "team-tourn"]
[EventRounds "9"]
[EventCountry "GER"]
[SourceTitle "EXT 2018"]
[Source "ChessBase"]
[SourceDate "2017.10.13"]
[SourceVersion "1"]
[SourceVersionDate "2017.10.13"]
[SourceQuality "1"]
[WhiteTeam "Dettingen"]
[BlackTeam "Bad Homburg"]
[WhiteTeamCountry "GER"]
[BlackTeamCountry "GER"]

1. d4 Nf6 2. c4 c5 3. d5 e6 4. Nc3 exd5 5. cxd5 d6 6. Nf3 g6 7. g3 Bg7 8. Bg2 0-0 9. 0-0 Nbd7 10. Bf4 Qe7 11. Nd2 Ng4 12. Nde4 Nge5 13. Nb5 h6 14. Nbxd6 Rd8 15. Qc2 f5 16. Nxc8 Raxc8 17. Nc3 Nc4 18. Qb3 Nd6 19. Nb5 Ne5 20. Nxa7 Rc7 21. Nb5 c4 22. Qb4 Nxb5 23. Qxb5 g5 24. Bxe5 Qxe5 25. Rab1 Qxe2 26. Rfe1 Qc2 27. Qb6 Rcd7 28. Rec1 Qe2 29. Qe6+ Qxe6 30. dxe6 Rc7 31. Bf1 Rd4 32. Rc2 Kf8 33. Rbc1 b5 34. b3 Ke7 35. bxc4 bxc4 36. Rxc4 Rdxc4 37. Bxc4 Bd4 38. Rc2 Kf6 39. Kg2 g4 40. f3 h5 41. fxg4 hxg4 42. h3 gxh3+ 43. Kxh3 Be5 44. Bb3 Rxc2 45. Bxc2 Kxe6 46. Kg2 Kf6 47. Kf3 Kg5 48. a4 Bc7 49. Bd1 Kf6 50. g4 1/2-1/2

[Event "Niederbayernliga 1516"]
[Site "Bayern"]
[Date "2015.11.15"]
[Round "3.3"]
[White "Kaiser, Richard"]
[Black "Wolf, Andreas2222"]
[Result "1-0"]
[WhiteElo "2068"]
[BlackElo "1877"]
[PlyCount "153"]
[EventDate "2015.10.11"]
[EventType "team-tourn"]
[EventRounds "9"]
[EventCountry "GER"]
[SourceTitle "EXT 2023"]
[Source "ChessBase"]
[SourceDate "2022.10.05"]
[SourceVersion "1"]
[SourceVersionDate "2022.10.05"]
[SourceQuality "1"]
[WhiteTeam "Passau II"]
[BlackTeam "Grafenau"]
[WhiteTeamCountry "GER"]
[BlackTeamCountry "GER"]

1. e4 c6 2. c4 d5 3. cxd5 cxd5 4. exd5 Qxd5 5. Nc3 Qa5 6. d4 Nf6 7. Bc4 g6 8. Qb3 e6 9. Nf3 Bg7 10. 0-0 0-0 11. Bf4 Nc6 12. Rad1 Qf5 13. Bd6 Rd8 14. Bd3 Qg4 15. h3 Qh5 16. Bc7 Rd7 17. Bg3 a6 18. Be2 Qa5 19. Na4 b5 20. Nc5 Rd8 21. Ne5 Ne7 22. Bh4 Qc7 23. Rc1 Qb6 24. Bf3 Ned5 25. Nc4 bxc4 26. Qxb6 Nxb6 27. Bxa8 Nxa8 28. Rxc4 Nb6 29. Rb4 Nbd5 30. Rb8 Rf8 31. Rc1 Ne7 32. Ne4 Nfd5 33. Bxe7 Nxe7 34. Rc7 e5 35. Rxe7 Bf5 36. Rxf8+ Kxf8 37. Ra7 Bxe4 38. dxe5 Bxe5 39. Rxa6 Bxb2 40. Ra4 Bd5 41. Rb4 Bc3 42. Rb8+ Ke7 43. a4 h5 44. a5 Bd4 45. a6 Kd7 46. Rb1 Ba7 47. Rb5 Bc6 48. Rb4 Kc7 49. g4 hxg4 50. hxg4 Bc5 51. Rb3 Bd5 52. Rb5 Kc6 53. Rb1 Ba7 54. Rb4 Kc5 55. Rb2 Bb6 56. Rb1 Bc4 57. Ra1 Ba7 58. Kg2 Kb6 59. Rb1+ Kxa6 60. f3 Bb6 61. Rb4 Bd5 62. Rb1 Kb7 63. Rc1 Be3 64. Rc3 Bf4 65. Rc5 Bc6 66. Rc4 g5 67. Rc5 f6 68. Kf2 Kc7 69. Ra5 Kd6 70. Ke2 Bd5 71. Ra7 Bc4+ 72. Kf2 Be5 73. Ra8 Kc5 74. Rd8 Bd5 75. Ke3 Bd4+ 76. Ke2 Bc4+ 77. Ke1 1-0

[Event "Hessenliga 1415"]
[Site "Hessen"]
[Date "2015.03.22"]
[Round "8.5"]
[White "Kaiser, Richard"]
[Black "Hoeck, Raimund"]
[Result "0-1"]
[WhiteElo "2167"]
[BlackElo "2017"]
[PlyCount "74"]
[EventDate "2014.09.28"]
[EventType "team-tourn"]
[EventRounds "9"]
[EventCountry "GER"]
[SourceTitle "EXT 2016"]
[Source "ChessBase"]
[SourceDate "2015.10.08"]
[SourceVersion "1"]
[SourceVersionDate "2015.10.08"]
[SourceQuality "1"]
[WhiteTeam "Bad Homburg"]
[BlackTeam "Griesheim II"]
[WhiteTeamCountry "GER"]
[BlackTeamCountry "GER"]

1. e4 c5 2. Nf3 d6 3. d4 cxd4 4. Nxd4 Nc6 5. Nc3 e6 6. Be3 Nf6 7. f4 a6 8. Qf3 Qc7 9. 0-0-0 Be7 10. Kb1 0-0 11. g4 Nxd4 12. Rxd4 b5 13. g5 Nd7 14. Rg1 Bb7 15. Rg3 Rfc8 16. Rh3 g6 17. Qd1 Rab8 18. Rg3 Qa5 19. f5 b4 20. fxe6 fxe6 21. Ne2 e5 22. Rd5 Bxd5 23. exd5 Nc5 24. Bh3 Rf8 25. Nc1 Ne4 26. Be6+ Kg7 27. Rg2 Qb5 28. Nd3 a5 29. h4 a4 30. Ka1 a3 31. b3 Nc3 32. Qe1 Rf3 33. Bd2 Rbf8 34. Rg1 Rxd3 35. cxd3 Qxd3 36. Bxc3 bxc3 37. Qc1 c2 0-1

[Event "Hessenliga 1314"]
[Site "Germany"]
[Date "2014.03.09"]
[Round "7.6"]
[White "Kaiser, Richard"]
[Black "Diaz, Joaquin"]
[Result "0-1"]
[WhiteElo "2167"]
[BlackElo "2168"]
[PlyCount "60"]
[EventDate "2013.09.29"]
[EventType "team-tourn"]
[EventRounds "9"]
[EventCountry "GER"]
[SourceTitle "EXT 2015"]
[Source "ChessBase"]
[SourceDate "2014.11.20"]
[SourceVersion "1"]
[SourceVersionDate "2014.11.20"]
[SourceQuality "1"]
[WhiteTeam "Bad Homburg"]
[BlackTeam "Griesheim II"]
[WhiteTeamCountry "GER"]
[BlackTeamCountry "GER"]

1. e4 Nf6 2. e5 Nd5 3. Nc3 Nxc3 4. dxc3 Nc6 5. Bf4 d6 6. Nf3 Bg4 7. Be2 Qd7 8. exd6 exd6 9. Qd2 Be7 10. 0-0-0 0-0-0 11. h3 Bh5 12. Rhe1 h6 13. g4 Bg6 14. Bb5 Bf6 15. Nd4 Bxd4 16. cxd4 a6 17. Ba4 d5 18. Re3 Rhe8 19. Rc3 b5 20. Bb3 Re4 21. f3 Rxd4 22. Qxd4 Nxd4 23. Rxd4 c6 24. Rxd5 Qb7 25. Rdc5 Kd7 26. Rxc6 Qxc6 27. Rxc6 Kxc6 28. a4 Rd7 29. Be3 f6 30. c3 Rd3 0-1

[Event "Hessenliga 1314"]
[Site "Germany"]
[Date "2013.11.03"]
[Round "3.6"]
[White "Kaiser, Richard"]
[Black "Ochmann, Reimund"]
[Result "1-0"]
[WhiteElo "2167"]
[BlackElo "2097"]
[PlyCount "129"]
[EventDate "2013.09.29"]
[EventType "team-tourn"]
[EventRounds "9"]
[EventCountry "GER"]
[SourceTitle "EXT 2015"]
[Source "ChessBase"]
[SourceDate "2014.11.20"]
[SourceVersion "1"]
[SourceVersionDate "2014.11.20"]
[SourceQuality "1"]
[WhiteTeam "Bad Homburg"]
[BlackTeam "Langen"]
[WhiteTeamCountry "GER"]
[BlackTeamCountry "GER"]

1. e4 e5 2. Nf3 Nc6 3. Bb5 a6 4. Ba4 d6 5. 0-0 Bg4 6. h3 h5 7. c3 Qf6 8. d3 Nge7 9. Nbd2 Ng6 10. Re1 Bd7 11. Bxc6 Bxc6 12. Nc4 Ne7 13. d4 0-0-0 14. Qb3 exd4 15. Na5 Qe6 16. Qb4 b6 17. Nxc6 Nxc6 18. Qa4 Kb7 19. cxd4 d5 20. e5 Qd7 21. Qb3 Be7 22. Qd3 Nb4 23. Qb1 Nc6 24. Qd3 Rhg8 25. Ng5 Nb4 26. Qb1 Qc6 27. Nxf7 Nc2 28. Nxd8+ Rxd8 29. Be3 Nxa1 30. Qxa1 g5 31. Qb1 Qe6 32. Qh7 h4 33. Rc1 Rg8 34. f3 a5 35. a4 Rc8 36. Qh5 Qf5 37. Qg4 Qxg4 38. hxg4 c5 39. Kh2 cxd4 40. Bd2 d3 41. Rd1 Rc4 42. g3 hxg3+ 43. Kxg3 Rxa4 44. Rh1 Rc4 45. Rh7 Rc7 46. f4 gxf4+ 47. Bxf4 Bb4 48. Rh1 Rc2 49. g5 d2 50. Kg4 Rc8 51. g6 Kc6 52. Kf5 Rf8+ 53. Kg5 Kd7 54. g7 Rg8 55. Kg6 Bf8 56. Bh6 Bxg7 57. Bxg7 Ke6 58. Rd1 Rxg7+ 59. Kxg7 Kxe5 60. Rxd2 Ke4 61. Kf6 d4 62. Ke6 b5 63. Kd6 b4 64. Kc5 d3 65. Kc4 1-0

[Event "Hessenliga 1213"]
[Site "Germany"]
[Date "2013.04.21"]
[Round "8.5"]
[White "Reh, Stefan"]
[Black "Kaiser, Richard"]
[Result "1/2-1/2"]
[WhiteElo "2063"]
[BlackElo "2167"]
[PlyCount "24"]
[EventDate "2012.09.16"]
[EventType "team-tourn"]
[EventRounds "9"]
[EventCountry "GER"]
[SourceTitle "EXT 2014"]
[Source "ChessBase"]
[SourceDate "2013.11.20"]
[SourceVersion "1"]
[SourceVersionDate "2013.11.20"]
[SourceQuality "1"]
[WhiteTeam "Gelnhausen"]
[BlackTeam "Bad Homburg"]
[WhiteTeamCountry "GER"]
[BlackTeamCountry "GER"]

1. e4 d6 2. d4 Nf6 3. Nc3 c6 4. f3 Nbd7 5. Be3 e5 6. d5 Be7 7. Nge2 Qa5 8. Qd2 Nb6 9. Nc1 Nbd7 10. Nb3 Qc7 11. 0-0-0 a6 12. Qf2 c5 1/2-1/2

[Event "Hessenliga 1213"]
[Site "Germany"]
[Date "2013.02.17"]
[Round "6.5"]
[White "Sehn, Norbert"]
[Black "Kaiser, Richard"]
[Result "1-0"]
[WhiteElo "2065"]
[BlackElo "2167"]
[PlyCount "77"]
[EventDate "2012.09.16"]
[EventType "team-tourn"]
[EventRounds "9"]
[EventCountry "GER"]
[SourceTitle "EXT 2014"]
[Source "ChessBase"]
[SourceDate "2013.11.20"]
[SourceVersion "1"]
[SourceVersionDate "2013.11.20"]
[SourceQuality "1"]
[WhiteTeam "Fulda"]
[BlackTeam "Bad Homburg"]
[WhiteTeamCountry "GER"]
[BlackTeamCountry "GER"]

1. d4 Nf6 2. Nf3 g6 3. c4 Bg7 4. Nc3 0-0 5. Bg5 h6 6. Bh4 d6 7. e3 c6 8. Bd3 Nbd7 9. 0-0 e5 10. Qc2 Re8 11. Rad1 Qe7 12. Nd2 g5 13. Bg3 Nh5 14. dxe5 dxe5 15. Bf5 Nxg3 16. hxg3 Nc5 17. b4 Bxf5 18. Qxf5 Ne6 19. Nde4 Red8 20. c5 b6 21. Na4 bxc5 22. Naxc5 Nxc5 23. bxc5 Rd5 24. Rb1 Rad8 25. Rb3 Qd7 26. g4 Qxf5 27. gxf5 Rd3 28. Rfb1 Rxb3 29. Rxb3 Bf8 30. Rb7 Rd1+ 31. Kh2 Rc1 32. Rb8 Rc4 33. f3 Ra4 34. Re8 Rxa2 35. Nf6+ Kg7 36. Nd7 Bxc5 37. Nxc5 Re2 38. e4 Rc2 39. Nd3 1-0

[Event "Hessenliga 1213"]
[Site "Germany"]
[Date "2013.01.27"]
[Round "5.5"]
[White "Kaiser, Richard"]
[Black "Kreiling, Carsten"]
[Result "1/2-1/2"]
[WhiteElo "2167"]
[BlackElo "2114"]
[PlyCount "61"]
[EventDate "2012.09.16"]
[EventType "team-tourn"]
[EventRounds "9"]
[EventCountry "GER"]
[SourceTitle "EXT 2014"]
[Source "ChessBase"]
[SourceDate "2013.11.20"]
[SourceVersion "1"]
[SourceVersionDate "2013.11.20"]
[SourceQuality "1"]
[WhiteTeam "Bad Homburg"]
[BlackTeam "Eppstein"]
[WhiteTeamCountry "GER"]
[BlackTeamCountry "GER"]

1. e4 c5 2. Nf3 d6 3. d4 cxd4 4. Nxd4 Nf6 5. Nc3 g6 6. Be3 Bg7 7. f3 Nc6 8. Bc4 0-0 9. Qd2 Bd7 10. 0-0-0 Rb8 11. h4 b5 12. Ncxb5 Nxd4 13. Nxd4 Qc7 14. Bd3 a5 15. Qc3 Qxc3 16. bxc3 Rfc8 17. Kd2 e5 18. Ne2 d5 19. Ng3 dxe4 20. Bxe4 Rb2 21. Rb1 Rxa2 22. Ra1 Rxa1 23. Rxa1 a4 24. Rb1 Be6 25. Rb4 a3 26. Ra4 a2 27. Bd3 Nd5 28. Ne4 Nxe3 29. Kxe3 f5 30. Ng5 Bd5 31. c4 1/2-1/2